| 000 | 00496nam a2200193 a 4500 | ||
|---|---|---|---|
| 001 | 2333 | ||
| 003 | CO-ViMGA | ||
| 008 | 141112s2004 ck r 000 u spa d | ||
| 020 | _a9681601629 | ||
| 040 |
_aCO-ViMGA _bspa _cCO-ViMGA |
||
| 082 | 0 | 4 | _a330.1 Z156 |
| 100 | 1 |
_aZamora, Francisco _951154 |
|
| 245 | 1 | 0 | _aTratado de teoría económica |
| 250 | _a18a | ||
| 260 |
_aMexico : _bFondo de Cultura Económica, _c1982 |
||
| 300 | _a693 p : il | ||
| 650 | 1 | 4 | _aEconomía - TEORIA |
| 942 |
_2ddc _cBK |
||
| 999 |
_c14432 _d14432 |
||